000 00820nam a2200265 i 4500
001 92722
003 ES-MaACL
005 20250728113738.0
007 t|
008 050420s1984 sp ||||1| spa d
020 _a84-7506-125-7
080 _a297
080 _a291".../10"
080 _a929 Ibn Hazm, Al ibn Ahmad
100 1 _aAsín Palacios, Miguel.
_923614
245 1 0 _aAbenházam de Córdoba y su historia crítica de las ideas religiosas /
_cMiguel Asín Palacios.
260 _aMadrid :
_bTurner,
_c1984.
300 _a5 v. ;
_c22 cm.
504 _aBibliografía: v.1, p. 13-16.
600 1 4 _aIbn Hazm, Al ibn Ahmad.
_965013
650 1 4 _aReligiones-
_xHistoria
_916823
700 1 _aIbn Hazm, Al ibn Ahmad.
_965013
852 _aES-MaACL
_jE-11016-20
_bR.134973
999 _c92722
_d92722